La expansión de la academia. Prácticas, procesos y problemas en la investigación artística
Saved in:
| Other Authors: | , |
|---|---|
| Format: | Book |
| Language: | English |
| Published: |
Providencia, Chile.
Ediciones Universidad Finis Terrae,
2020
|
| Edition: | Primera edición |
| Subjects: | |
| Tags: |
Add Tag
No Tags, Be the first to tag this record!
|
MARC
| LEADER | 00000nam a22000007a 4500 | ||
|---|---|---|---|
| 003 | CL-VaPUC | ||
| 005 | 20211221124747.0 | ||
| 008 | 210824b2020 ||||| |||| 00| 0 eng d | ||
| 999 | |c 433489 |d 433487 | ||
| 020 | |a 978-956-391-045-2 | ||
| 040 | |c Pontificia Universidad Católica de Valparaíso | ||
| 082 | 0 | 4 | |2 21 |a 707 NIE 2020 |
| 100 | 1 | |a Nieto, Ignacio |e editor |9 862621 | |
| 245 | 1 | 3 | |a La expansión de la academia. |b Prácticas, procesos y problemas en la investigación artística |
| 250 | |a Primera edición | ||
| 260 | |a Providencia, Chile. |b Ediciones Universidad Finis Terrae, |c 2020 | ||
| 300 | |a 135 páginas | ||
| 500 | |a Donación Prof. Bruno Cuneo L. - Memo Arte Nº3 / 23-8-2021 | ||
| 583 | |c 20210824 |k Cristina Rojas | ||
| 650 | 1 | |a Investigación artística |x Práctica artística |x Ensayos |z Chile |9 863188 | |
| 650 | 1 | |a Educación artística |x Educación superior |x Creación artística |9 863189 | |
| 700 | |a García, Francisca |e editora |9 859474 | ||
| 942 | |2 ddc |c BK | ||
| 952 | |0 0 |1 0 |2 ddc |4 0 |6 707_000000000000000_NIE_2020 |7 0 |8 A |9 578698 |a BIBART |b BIBART |d 2021-08-24 |i 5623537 |l 1 |o 707 NIE 2020 |p 5623537 |r 2025-03-13 |s 2022-10-12 |t 1 |w 2021-08-24 |y BK |k ART | ||